| 000 | 00504pab a2200181 454500 | ||
|---|---|---|---|
| 008 | 180718b2012 xxu||||| |||| 00| 0 eng d | ||
| 100 | _aPatel, Jayantibhai V. | ||
| 245 | _aPreservation and propagation of Indian cultural heritage: Higher education as an aid | ||
| 260 | _c2012 | ||
| 300 | _ap.18-22. | ||
| 362 | _a27 Feb | ||
| 650 | _aHigher education - India | ||
| 650 | _aCultural heritage - India | ||
| 650 | _aCultural heritage | ||
| 773 | _aUniversity News | ||
| 908 | _aN | ||
| 909 | _a95174 | ||
| 999 |
_c95174 _d95174 |
||